Départements de l'Empire français - Statistiques

Statistiques générales
  • Ce quiz a été pris 123 fois
    115 depuis la dernière actualisation
  • Le résultat moyen est 68 sur 146
Réponses sur la Carte
Les réponses sont colorées sur une échelle allant du rouge au vert en fonction du pourcentage des utilisateurs qui les ont devinées à leur premier essai. Vous pouvez retrouver ces pourcentages ci-dessous.
 
Statistiques - réponses
Réponse % Correct
Loire
80%
Seine
80%
Finistère
77%
Nord
77%
Loiret
75%
Pas-de-Calais
75%
Ain
73%
Aisne
73%
Calvados
73%
Manche
73%
Bas-Rhin
71%
Cher
71%
Marne
71%
Meuse
71%
Morbihan
71%
Somme
71%
Vendée
71%
Charente
70%
Côte-d'Or
70%
Gironde
70%
Haute-Garonne
70%
Haut-Rhin
70%
Ille-et-Vilaine
70%
Loir-et-Cher
70%
Pyrénées-Orientales
70%
Sarthe
70%
Allier
68%
Cantal
68%
Hautes-Pyrénées
68%
Indre
68%
Indre-et-Loire
68%
Jura
68%
Landes
68%
Maine-et-Loire
68%
Mayenne
68%
Oise
68%
Puy-de-Dôme
68%
Rhône
68%
Ardennes
66%
Ariège
66%
Aveyron
66%
Bouches-du-Rhône
66%
Corrèze
66%
Deux-Sèvres
66%
Doubs
66%
Gers
66%
Lozère
66%
Tarn
66%
Tarn-et-Garonne
66%
Var
66%
Vienne
66%
Alpes-Maritimes
64%
Creuse
64%
Dordogne
64%
Eure
64%
Hérault
64%
Lot
64%
Lot-et-Garonne
64%
Meurthe
64%
Moselle
64%
Orne
64%
Ardèche
63%
Aube
63%
Aude
63%
Drôme
63%
Eure-et-Loir
63%
Haute-Marne
63%
Haute-Vienne
63%
Isère
63%
Nièvre
63%
Seine-et-Marne
63%
Vosges
63%
Yonne
63%
Gard
61%
Hautes-Alpes
61%
Saône-et-Loire
61%
Vaucluse
61%
Haute-Loire
59%
Haute-Saône
59%
Rome
54%
Loire-Inférieure
45%
Seine-Inférieure
45%
Forêts
43%
Charente-Inférieure
41%
Côtes-du-Nord
41%
Dalmatie
41%
Gênes
38%
Seine-et-Oise
38%
Basses-Pyrénées
36%
Frise
36%
Basses-Alpes
34%
Bouches-de-l'Elbe
34%
Bouches-du-Rhin
34%
Léman
34%
34%
Mont-Blanc
32%
Ter
32%
Bouches-de-l'Escaut
30%
Sarre
30%
Mont-Tonnerre
29%
Sambre-et-Meuse
29%
Croatie civile
25%
Croatie militaire
25%
Escaut
25%
Istrie
23%
Bouches-de-la-Meuse
21%
Bouches-de-l’Èbre
21%
Montserrat
21%
Ems-Supérieur
20%
Lys
20%
Marengo
20%
Méditerranée
20%
Raguse
20%
Apennins
18%
Arno
18%
Carinthie
18%
Ems-Occidental
18%
Ems-Oriental
18%
Jemmapes
18%
Mer-Égée
18%
Meuse-Inférieure
18%
Rhin-et-Moselle
18%
Roer
18%
Bouches-du-Weser
16%
Deux-Nèthes
16%
Montenotte
16%
Mont-Terrible
16%
Bouches-de-l'Yssel
14%
Dyle
14%
Lippe
14%
Ourthe
14%
Simplon
14%
Zuyderzée
14%
Ithaque
13%
Sègre
13%
Yssel-Supérieur
13%
Corcyre
11%
Golo
11%
Trasimène
11%
Carniole
9%
Sésia
9%
Taro
9%
Doire
7%
Liamone
7%
Ombrone
7%
Stura
7%
Aucun quiz correspondant
Distribution des résultats
% des personnes avec chaque résultat
Percentile par nombre de réponses
Votre historique - résultats
Vous n’avez pas pris ce quiz depuis la dernière actualisation